000 00327nam a2200145 i 4500
001 bg
100 1 _aDARTEVELLE, Ch.
245 0 _aHI-FI montaqes pratiques /
_cCh. Dartevelle.
260 _aParis,
_c1974.
040 _cBPK
041 _apol
080 _a621.39
942 _cKS
008 s pl f |000 0 pol
999 _c27237
_d27237
856 _uhttp://koha.tu.koszalin.pl/cgi-bin/koha/opac-detail.pl?biblionumber=27237
_yKatalog online BPK